| 000 | 00684nam a2200301Ia 4500 | ||
|---|---|---|---|
| 005 | 20260401122202.0 | ||
| 008 | 008 250103s9999 xx 000 0 eng d | ||
| 020 | _a8187981628 | ||
| 037 | _aTB | ||
| 040 | _aEDL | ||
| 040 | _beng | ||
| 040 | _cEDL | ||
| 041 | _2eng | ||
| 041 | _aeng | ||
| 084 | _a954.04 | ||
| 084 | _qEDL | ||
| 100 |
_aPaul Kumar, Sukrita _91232850 |
||
| 245 | 0 | _aNarrating Partition: Texts, Interpretations, Ideas | |
| 245 | 0 | _cPaul Kumar, Sukrita | |
| 260 | _aNew Delhi | ||
| 260 | _bIndialog Publications | ||
| 260 | _c2004 | ||
| 300 | _a196p | ||
| 942 | _cTB | ||
| 942 | _h954.04 | ||
| 999 |
_c1845484 _d1845484 |
||